000 00297nam a22001217a 4500
008 180421b xxu||||| |||| 00| 0 eng d
041 _aeng
080 _a043.3
100 _a0
101 _aSHKI-MA
245 _aSistemi i Vendodhjes se Stacioneve me ane te HTML-se
_cRexhepi, D
942 _2udc
_cBK
999 _c45395
_d45395